ბათუმის შოთა რუსთაველის სახელმწიფო უნივერსიტეტის ბიბლიოთეკა

ერთტომეული:ლექსები,სონეტები,პოემები,პიესები,ესეები (ბიბ.ჩანაწერი № 43495)

000 -LEADER
fixed length control field 00877nam a2200241Ia 4500
001 - CONTROL NUMBER
control field 10226
003 - CONTROL NUMBER IDENTIFIER
control field GE_BSU
008 - FIXED-LENGTH DATA ELEMENTS--GENERAL INFORMATION
fixed length control field 181216s||||||||xx |||||||||||||| ||und||
020 ## - INTERNATIONAL STANDARD BOOK NUMBER
International Standard Book Number 9992884967
040 ## - CATALOGING SOURCE
Transcribing agency GE_BSU
080 ## - UNIVERSAL DECIMAL CLASSIFICATION NUMBER
Universal Decimal Classification number 821.353.1–1821.353.1-193.3
100 ## - MAIN ENTRY--PERSONAL NAME
Personal name სეიდიშვილი,ლადო
245 ## - TITLE STATEMENT
Title ერთტომეული:ლექსები,სონეტები,პოემები,პიესები,ესეები
245 ## - TITLE STATEMENT
Statement of responsibility, etc. რედ.ჯემალ სურმანიძე.მხატვ.ლადო სეიდიშვილი
260 ## - PUBLICATION, DISTRIBUTION, ETC.
Place of publication, distribution, etc. თბილისი
260 ## - PUBLICATION, DISTRIBUTION, ETC.
Name of publisher, distributor, etc. აჭარა
260 ## - PUBLICATION, DISTRIBUTION, ETC.
Date of publication, distribution, etc. 2001
300 ## - PHYSICAL DESCRIPTION
Extent 424გვ.ილ.20სმ.
653 ## - INDEX TERM--UNCONTROLLED
Uncontrolled term ერთტომეული
653 ## - INDEX TERM--UNCONTROLLED
Uncontrolled term ლექსები,სონეტები.....
942 ## - ADDED ENTRY ELEMENTS (KOHA)
Koha item type წიგნი
ეგზემპლარები
Withdrawn status Lost status Damaged status Not for loan Date acquired Barcode Date last seen Price effective from Koha item type
        2018-12-17 33587 2018-12-17 2018-12-17 წიგნი
        2018-12-17 33588 2018-12-17 2018-12-17 წიგნი